Loading...
Chemists' companion
| Main Author: | |
|---|---|
| Other Authors: | |
| Format: | Printed Book |
| Published: |
New York
John Wiley
1972
|
| Subjects: |
| LEADER | 00512cam a2200181ua 4500 | ||
|---|---|---|---|
| 020 | |a 0-471-31590-7 | ||
| 082 | |a 542 |b GOR/C | ||
| 100 | |a Gorden, Arnold J | ||
| 245 | 0 | 0 | |a Chemists' companion |
| 260 | |a New York |b John Wiley |c 1972 | ||
| 300 | |a xii, 537p. | ||
| 500 | |a Includes index. | ||
| 650 | |a Chemical industry | ||
| 650 | 0 | |a Chemistry | |
| 700 | 0 | 2 | |a Ford, Richard |
| 942 | |c REF | ||
| 999 | |c 653 |d 653 | ||
| 952 | |0 0 |1 0 |4 0 |6 542_000000000000000_GORC |7 0 |9 691 |a KUCL |b KUCL |d 2014-05-23 |l 0 |o 542 GOR/C |p 03757 |r 2017-03-07 |y REF | ||